| 000 | 00986nam a2200265 a 4500 | ||
|---|---|---|---|
| 001 | 000002445 | ||
| 005 | 20200929150209.0 | ||
| 008 | 090702s1988 sp 000 0 spa d | ||
| 020 | _a8486168309 | ||
| 040 |
_aDO-SdBNP _bspa _cBNPHU |
||
| 082 |
_axxxx _bL697 |
||
| 245 | 0 | 3 |
_aLa cultura del libro / _ccoordinador Fernando Lázaro Carreter ; colaboradores José María de Areilza [et al.]. |
| 250 | _a2a ed. ampliada | ||
| 260 |
_aMadrid, : _bFundación Germán Sánchez Ruipérez, _c1988. |
||
| 300 |
_a410 p. ; _c22 cm. |
||
| 490 | 1 | _aBiblioteca del libro | |
| 504 | _aIncluye referencias bibliográficas y notas al pie de las páginas | ||
| 700 | 1 |
_aLázaro Carreter, Fernando, _ecoord. _97731 |
|
| 700 | 1 |
_aAreilza, José María de, _ecol. _97732 |
|
| 700 | 1 |
_aBonet Correa, Antonio, _ecol. _97733 |
|
| 700 | 1 |
_aCruz Hernández, Miguel, _ecol. _97734 |
|
| 700 | 1 |
_aEscarpit, Robert, _ecol. _97735 |
|
| 700 | 1 |
_aEscolar, Hipólito _ecol. _97688 |
|
| 830 | 0 |
_aBiblioteca del libro _97397 |
|
| 999 |
_c2281 _d2281 |
||